ბათუმის შოთა რუსთაველის სახელმწიფო უნივერსიტეტის ბიბლიოთეკა

საქმიანი ურთიერთობები (ბიბ.ჩანაწერი № 34627)

000 -ლიდერი
ფიქსირებული სიგრძის საკონტროლო ველი 01195nam a2200241Ia 4500
001 - საკონტროლო ნომერი
საკონტროლო ველი 392
003 - საკონტროლო ნომრის იდენტიფიკატორი
საკონტროლო ველი GE_BSU
005 - ბოლო ოპერაციის თარიღი და დრო
საკონტროლო ველი 20200131142256.0
008 - ფიქსირებული სიგრძის მონაცემთა ელემენტები - ზოგადი ინფორმაცია
ფიქსირებული სიგრძის საკონტროლო ველი 181216s2006||||ge |||||||||||||| ||geo||
020 ## - წიგნის საერთაშორისო სტანდარტული ნომერი
International Standard Book Number 999405127X
040 ## - კატალოგიზაციის წყარო
Transcribing agency GE_BSU
041 ## - ენის კოდი
Language code of text/sound track or separate title geo
080 ## - უნივერსალური ათობითი კლასიფიკაციის ინდექსი
Universal Decimal Classification number 005.3+316.6 გ–98
100 ## - მთავარი ჩანაწერი - პიროვნების სახელი
Personal name გუტბროდი, ჰანს
9 (RLIN) 6633
245 ## - ცნობა სათაურის შესახებ
Title საქმიანი ურთიერთობები
Remainder of title სახელმძღვ. მომზადებულია სპეციალურად საქართველოსათვის /
Statement of responsibility, etc ჰანს გუტბროდი, ნანა დანელია ; [რედ.: რუსუდან ამირეჯიბი-მალენი].
264 ## - წარმოების, გამოცემის, დისტრიბუციის და სხვა ცნობები
გამოცემის, წარმოების, დისტრიბუციის... ადგილი თბილისი :
გამოცემის, წარმოების, დისტრიბუციის... სახელწოდება უნივერსალი,
გამოცემის, წარმოების, დისტრიბუციის... თარიღი 2006.
300 ## - ფიზიკური აღწერა
Extent 166 გვ.;
Other physical details 19 სმ.
653 ## - INDEX TERM--UNCONTROLLED
Uncontrolled term საქმიანი მიმოწერა
653 ## - INDEX TERM--UNCONTROLLED
Uncontrolled term დოკუმენტები
700 ## - ADDED ENTRY--PERSONAL NAME
Personal name დანელია, ნანა
Relator term ავტორი
9 (RLIN) 6634
710 ## - ADDED ENTRY--CORPORATE NAME
Corporate name or jurisdiction name as entry element ამირეჯიბი-მალენი, რუსუდან
Subordinate unit რედაქტორი
9 (RLIN) 6635
942 ## - ADDED ENTRY ELEMENTS (KOHA)
Koha item type წიგნი
Source of classification or shelving scheme
ეგზემპლარები
ჩამოწერის სტატუსი დაკარგული ეგზემპლარის სტატუსი კლასიფიკაციის წყარო ან თაროზე გაწყობის სქემა დაზიანების სტატუსი არ გაიცემა მუდმივი მდებარეობა (დაცვის ადგილი) ამჟამინდელი ადგილსამყოფელი თაროზე განთავსების ადგილი შეძენის თარიღი ღირებულება, შესყიდვის ნორმალური ფასი სრული შენახვის შიფრი შტრიხკოდი ბოლო ოპერაციის თარიღი ეგზემპლარის მიმდევრობითი ნომერი (კეტერი?) ფასის ძალაში შესვლის თარიღი ეგზემპლარის სახეობა საჯარო შენიშვნა
          ბათუმის შოთა რუსთაველის სახელმწიფო უნივერსიტეტის მთავარი ბიბლიოთეკა ბათუმის შოთა რუსთაველის სახელმწიფო უნივერსიტეტის მთავარი ბიბლიოთეკა წიგნსაცავი 2018-12-17 20.00 005.3+316.6 გ–98 512 2018-12-17 512 2018-12-17 წიგნი 20 ლ.
          ბათუმის შოთა რუსთაველის სახელმწიფო უნივერსიტეტის მთავარი ბიბლიოთეკა ბათუმის შოთა რუსთაველის სახელმწიფო უნივერსიტეტის მთავარი ბიბლიოთეკა წიგნსაცავი 2018-12-17 20.00 005.3+316.6 გ–98 513 2018-12-17 513 2018-12-17 წიგნი 20 ლ.
          ბათუმის შოთა რუსთაველის სახელმწიფო უნივერსიტეტის მთავარი ბიბლიოთეკა ბათუმის შოთა რუსთაველის სახელმწიფო უნივერსიტეტის მთავარი ბიბლიოთეკა წიგნსაცავი 2020-01-31 8.00 005.3+316.6 გ–97 34418 2020-01-31 34418 2020-01-31 წიგნი 8 ლ.